000 00603nam a2200193 a 4500
001 000012159
005 20240412074230.0
008 091106s1985 dr a 000 0 spa d
040 _aDO-SdBNP
_bspa
_cBNPHU
082 _aRD863.44
_bD249p
100 1 _aLeón David
_d1945-
_984930
245 1 0 _aParábola de la verdad sencilla /
_cLeón David.
260 _aSanto Domingo :
_bAlfa y omega,
_c1985.
300 _a213 p. :
_bil. ;
_c25 cm.
590 _aInventariado, 2020/YL
650 0 _aCuentos dominicanos
_9176
650 0 _aLiteratura dominicana.
_967
910 _aValidado. Control de calidad MMOLINA
999 _c11824
_d11824